[Event "FIN-chT 2022"]
[Site "Finland"]
[Date "2022.04.09"]
[Round "10.5"]
[White "Kivisto, Mikko"]
[Black "Sorsa, Nuutti"]
[Result "1/2-1/2"]
[WhiteElo "2225"]
[BlackElo "2186"]
[PlyCount "41"]
[EventDate "2020.09.12"]
[EventType "team-tourn"]
[EventRounds "11"]
[EventCountry "FIN"]
[SourceTitle "EXT 2023"]
[Source "ChessBase"]
[SourceDate "2022.10.05"]
[SourceVersion "1"]
[SourceVersionDate "2022.10.05"]
[SourceQuality "1"]
[WhiteTeam "Espoo MatSK"]
[BlackTeam "Turku TuTS"]
[WhiteTeamCountry "FIN"]
[BlackTeamCountry "FIN"]

1. e4 d6 2. d4 Nf6 3. Nc3 c6 4. h3 Nbd7 5. g4 h6 6. Bg2 e5 7. Nge2 Be7 8. f4 Nh7 9. 0-0 Bh4 10. Be3 Qe7 11. a4 a5 12. Qd2 0-0 13. Rad1 Re8 14. b3 Ndf8 15. fxe5 dxe5 16. d5 Ng5 17. Kh2 Ra6 18. Ng3 g6 19. Qf2 Nfh7 20. Bc5 Qc7 21. Rd3 1/2-1/2

[Event "FIN-chT 1819"]
[Site "Finland"]
[Date "2019.02.10"]
[Round "8.6"]
[White "Nivala, Tuomas"]
[Black "Sorsa, Nuutti"]
[Result "1-0"]
[WhiteElo "2183"]
[BlackElo "2205"]
[PlyCount "80"]
[EventDate "2018.09.15"]
[EventType "team-tourn"]
[EventRounds "11"]
[EventCountry "FIN"]
[SourceTitle "EXT 2021"]
[Source "ChessBase"]
[SourceDate "2020.10.23"]
[SourceVersion "1"]
[SourceVersionDate "2020.10.23"]
[SourceQuality "1"]
[WhiteTeam "Jyvaskyla JyS"]
[BlackTeam "Turku TuTS"]
[WhiteTeamCountry "FIN"]
[BlackTeamCountry "FIN"]

1. e4 d6 2. f4 Nf6 3. Nc3 g6 4. Nf3 Bg7 5. Be2 c5 6. 0-0 Nc6 7. d3 0-0 8. Qe1 Nd4 9. Nxd4 cxd4 10. Nb1 Qc7 11. c4 dxc3 12. Nxc3 b5 13. e5 dxe5 14. fxe5 Ng4 15. d4 Qb6 16. Rf4 Bxe5 17. Nd5 Bxd4+ 18. Kh1 Qc5 19. Bxg4 Bxg4 20. Nxe7+ Kg7 21. Rxg4 Bf6 22. Re4 Rfe8 23. Nxg6 Qc2 24. Bh6+ Kxh6 25. Rxe8 Rxe8 26. Qxe8 Qxb2 27. Rf1 fxg6 28. Qf8+ Bg7 29. Qf4+ g5 30. Qd6+ Kh5 31. Qe6 Be5 32. Qh3+ Kg6 33. Qf5+ Kh6 34. Qe6+ Kh5 35. Qf7+ Kh6 36. Re1 Bf6 37. Qxa7 b4 38. Qf7 Qf2 39. Qe6 Kg7 40. Qe2 Qb6 1-0

[Event "FIN-chT 1718"]
[Site "Finland"]
[Date "2018.03.09"]
[Round "9.6"]
[White "Sorsa, Nuutti"]
[Black "Parkkinen, Jyrki"]
[Result "1-0"]
[WhiteElo "2206"]
[BlackElo "2144"]
[PlyCount "69"]
[EventDate "2017.09.16"]
[EventType "team-tourn"]
[EventRounds "11"]
[EventCountry "FIN"]
[SourceTitle "EXT 2019"]
[Source "ChessBase"]
[SourceDate "2018.10.10"]
[SourceVersion "1"]
[SourceVersionDate "2018.10.10"]
[SourceQuality "1"]
[WhiteTeam "Turku TuTS"]
[BlackTeam "Helsinki HSK"]
[WhiteTeamCountry "FIN"]
[BlackTeamCountry "FIN"]

1. c4 b6 2. Nc3 Bb7 3. e4 e5 4. Nf3 Nc6 5. a3 a5 6. Bd3 g6 7. h4 h5 8. Nd5 Bg7 9. Ng5 Nf6 10. 0-0 Nd4 11. f4 exf4 12. Nxf4 0-0 13. Nd5 Ng4 14. Be2 Nxe2+ 15. Qxe2 c6 16. Nf4 Bd4+ 17. Kh1 Bf6 18. Nfh3 Bxg5 19. hxg5 Qc7 20. Rf4 d5 21. d3 dxe4 22. dxe4 Rae8 23. Nf2 Nxf2+ 24. Qxf2 c5 25. Bd2 Qe5 26. Rf1 Re7 27. Bc3 Qe6 28. Rf6 Qxe4 29. Re1 Qxg2+ 30. Qxg2 Bxg2+ 31. Kxg2 Rxe1 32. Bxe1 Rb8 33. Bg3 Rb7 34. Rc6 Kf8 35. Rc7 1-0

[Event "FIN-chT 1718"]
[Site "Finland"]
[Date "2018.02.04"]
[Round "8.4"]
[White "Puranen, Jukka"]
[Black "Sorsa, Nuutti"]
[Result "1/2-1/2"]
[WhiteElo "2241"]
[BlackElo "2206"]
[PlyCount "49"]
[EventDate "2017.09.16"]
[EventType "team-tourn"]
[EventRounds "11"]
[EventCountry "FIN"]
[SourceTitle "EXT 2019"]
[Source "ChessBase"]
[SourceDate "2018.10.10"]
[SourceVersion "1"]
[SourceVersionDate "2018.10.10"]
[SourceQuality "1"]
[WhiteTeam "Kotka KymS"]
[BlackTeam "Turku TuTS"]
[WhiteTeamCountry "FIN"]
[BlackTeamCountry "FIN"]

1. d4 Nf6 2. Bg5 Ne4 3. Bf4 d5 4. f3 Nd6 5. Nc3 e6 6. e4 c6 7. Qd2 Be7 8. Nh3 0-0 9. Nf2 b6 10. Be2 Ba6 11. Rd1 Nc4 12. Qc1 Bb4 13. Nd3 Bxc3+ 14. bxc3 Na5 15. 0-0 Qe7 16. Rfe1 Bc4 17. Qb2 Na6 18. Bf1 Rac8 19. g3 Rfe8 20. Bh3 Nb8 21. a4 Nd7 22. Qb4 Qd8 23. Qb1 Qe7 24. Qb4 Qd8 25. Qb1 1/2-1/2

[Event "FIN-chT 1617"]
[Site "Finland"]
[Date "2016.09.18"]
[Round "2.4"]
[White "Sorsa, Nuutti"]
[Black "Pulkkinen, Kari"]
[Result "1/2-1/2"]
[WhiteElo "2230"]
[BlackElo "2229"]
[PlyCount "108"]
[EventDate "2016.09.17"]
[EventType "team-tourn"]
[EventRounds "11"]
[EventCountry "FIN"]
[SourceTitle "EXT 2017"]
[Source "ChessBase"]
[SourceDate "2016.10.25"]
[SourceVersion "1"]
[SourceVersionDate "2016.10.25"]
[SourceQuality "1"]
[WhiteTeam "Turku TuTS"]
[BlackTeam "Helsinki Aatos"]
[WhiteTeamCountry "FIN"]
[BlackTeamCountry "FIN"]

1. c4 Nf6 2. g3 c6 3. Bg2 d5 4. d4 dxc4 5. Nc3 g6 6. Nf3 Nbd7 7. e4 Nb6 8. h3 Bg7 9. Bg5 h6 10. Bf4 0-0 11. Qe2 a5 12. 0-0 a4 13. a3 Be6 14. Rad1 g5 15. Be3 g4 16. hxg4 Bxg4 17. Qd2 Kh7 18. Qc2 Kg8 19. Rd2 Nfd7 20. Nh2 Bh5 21. f4 f5 22. e5 e6 23. Bf2 Nd5 24. Nxa4 Qa5 25. Nc5 Nxc5 26. dxc5 c3 27. bxc3 Qxa3 28. Re1 Rfd8 29. Rd3 Bf8 30. c4 Nb4 31. Rxa3 Nxc2 32. Rxa8 Rxa8 33. Rb1 Ra1 34. Rxa1 Nxa1 35. Bh3 Be2 36. g4 fxg4 37. Nxg4 Nb3 38. Nf6+ Kf7 39. Ne4 Bxc4 40. Nd6+ Bxd6 41. cxd6 c5 42. f5 Nd4 43. Bxd4 cxd4 44. fxe6+ Bxe6 45. d7 Bxd7 46. Bxd7 b5 47. Kf2 b4 48. Ke2 b3 49. Kd3 h5 50. Bf5 h4 51. Kxd4 b2 52. Kc3 h3 53. Kxb2 h2 54. Be4 Ke6 1/2-1/2

[Event "FIN-chT 1415"]
[Site "Finland"]
[Date "2015.03.14"]
[Round "10.5"]
[White "Tolonen, Mikko"]
[Black "Sorsa, Nuutti"]
[Result "1/2-1/2"]
[WhiteElo "2195"]
[BlackElo "2225"]
[PlyCount "109"]
[EventDate "2014.09.27"]
[EventType "team-tourn"]
[EventRounds "11"]
[EventCountry "FIN"]
[SourceTitle "EXT 2016"]
[Source "ChessBase"]
[SourceDate "2015.10.08"]
[SourceVersion "1"]
[SourceVersionDate "2015.10.08"]
[SourceQuality "1"]
[WhiteTeam "Espoo MatSK II"]
[BlackTeam "Turku TuTS"]
[WhiteTeamCountry "FIN"]
[BlackTeamCountry "FIN"]

1. e4 c5 2. c3 d5 3. exd5 Qxd5 4. d4 Nf6 5. Nf3 Bg4 6. dxc5 Qxd1+ 7. Kxd1 Nbd7 8. b4 e5 9. h3 Bh5 10. g4 Bg6 11. Bg2 0-0-0 12. Ke2 Nd5 13. Bd2 Be7 14. Rc1 h6 15. Na3 Nf4+ 16. Bxf4 exf4 17. Nc2 Rhe8 18. Kf1 Bd3+ 19. Kg1 Bf6 20. Ncd4 Ne5 21. Ne1 Bg6 22. Rd1 a6 23. a4 h5 24. b5 hxg4 25. hxg4 Kc7 26. a5 Rh8 27. b6+ Kb8 28. c6 bxc6 29. Nef3 Nxf3+ 30. Bxf3 Bxd4 31. cxd4 Rd6 32. Rac1 Rhd8 33. Rxc6 Rxd4 34. Rdc1 Be4 35. Bxe4 Rxe4 36. Rc7 f3 37. Rxf7 Rxg4+ 38. Kf1 Rg5 39. Rxf3 Rxa5 40. Rf7 Rb5 41. Rc6 g5 42. Rg6 a5 43. Kg2 a4 44. Ra7 Rxb6 45. Rxb6+ Kxa7 46. Rb4 Rf8 47. Rxa4+ Kb6 48. Rc4 Kb5 49. Rc2 Rf4 50. Kg3 Kb4 51. Rc6 Rf5 52. Rc1 Kb3 53. f3 Kb2 54. Rc8 Kb3 55. Rc7 1/2-1/2

[Event "FIN-chT 1314"]
[Site "Finland"]
[Date "2013.11.03"]
[Round "6.6"]
[White "Sorsa, Nuutti"]
[Black "Franssila, Tommi"]
[Result "1-0"]
[WhiteElo "2205"]
[BlackElo "2225"]
[PlyCount "97"]
[EventDate "2013.09.21"]
[EventType "team-tourn"]
[EventRounds "11"]
[EventCountry "FIN"]
[SourceTitle "EXT 2014"]
[Source "ChessBase"]
[SourceDate "2013.11.20"]
[SourceVersion "1"]
[SourceVersionDate "2013.11.20"]
[SourceQuality "1"]
[WhiteTeam "Turku TuTS"]
[BlackTeam "Jyvaskyla JyS"]
[WhiteTeamCountry "FIN"]
[BlackTeamCountry "FIN"]

1. c4 Nf6 2. g3 g6 3. Bg2 Bg7 4. Nc3 0-0 5. e4 d6 6. Nge2 Nc6 7. d3 e5 8. 0-0 Nd7 9. f4 exf4 10. Bxf4 Nd4 11. Kh1 Nc5 12. Nxd4 Bxd4 13. Bh6 Bg7 14. Bxg7 Kxg7 15. b4 Ne6 16. Nd5 f6 17. Qd2 Nd4 18. Qb2 c5 19. Rf2 Be6 20. bxc5 dxc5 21. Qxb7+ Rf7 22. Qa6 Bxd5 23. cxd5 Rb8 24. e5 Rb6 25. Qa3 fxe5 26. Rxf7+ Kxf7 27. Qxa7+ Kg8 28. Rf1 Qd6 29. Qf7+ Kh8 30. Be4 Nc2 31. Qe8+ Kg7 32. Bxg6 Kh6 33. Be4 Ne3 34. Re1 Nxd5 35. Qf7 Nf6 36. Rf1 Nxe4 37. dxe4 Qg6 38. Qf8+ Qg7 39. Qxc5 Rf6 40. Qe3+ Kg6 41. Rxf6+ Qxf6 42. Kg2 Qa6 43. a3 Qc4 44. Qf3 Qd4 45. h4 Kg7 46. h5 Kh6 47. Kh3 Kg7 48. h6+ Kg8 49. Qb3+ 1-0

[Event "FIN-chT1 West 1213"]
[Site "Finland"]
[Date "2012.11.17"]
[Round "3.7"]
[White "Sorsa, Nuutti"]
[Black "Rautanen, Sari"]
[Result "1-0"]
[WhiteElo "2202"]
[BlackElo "1955"]
[PlyCount "123"]
[EventDate "2012.09.29"]
[EventType "team-tourn"]
[EventRounds "7"]
[EventCountry "FIN"]
[SourceTitle "EXT 2019"]
[Source "ChessBase"]
[SourceDate "2018.10.10"]
[SourceVersion "1"]
[SourceVersionDate "2018.10.10"]
[SourceQuality "1"]
[WhiteTeam "Turku TuTS"]
[BlackTeam "Vantaa EtVaS II"]
[WhiteTeamCountry "FIN"]
[BlackTeamCountry "FIN"]

1. e4 d6 2. d4 Nf6 3. Nc3 e5 4. dxe5 dxe5 5. Qxd8+ Kxd8 6. Nf3 Bd6 7. Bg5 Be6 8. Bxf6+ gxf6 9. Nh4 c6 10. Ne2 Nd7 11. Ng3 Kc7 12. Nhf5 Bb4+ 13. c3 Bf8 14. Be2 a5 15. 0-0 a4 16. Rfd1 Nc5 17. Kf1 Rg8 18. f3 Rd8 19. Rxd8 Kxd8 20. Nh5 Nd7 21. g4 Kc7 22. Rd1 Bxf5 23. exf5 Be7 24. Bc4 Rf8 25. a3 Nc5 26. Ke2 Bd8 27. Ke3 Be7 28. h3 Bd8 29. Rd2 Nd7 30. Kf2 Be7 31. Kg2 Nc5 32. Ng3 Bd6 33. Nh5 Be7 34. Kf2 Bd8 35. Ke2 Be7 36. Kd1 Bd8 37. Kc2 Be7 38. Ba2 Bd8 39. Rd1 Be7 40. Ng7 Bd8 41. Bxf7 Rxf7 42. Ne8+ Kb6 43. Rxd8 Rf8 44. Rc8 Nd7 45. Nd6 Rxc8 46. Nxc8+ Kc7 47. Ne7 Kd6 48. Ng8 Kd5 49. h4 e4 50. f4 e3 51. Kd3 e2 52. c4+ Kc5 53. Kxe2 Kxc4 54. h5 Kd4 55. Kf3 b5 56. h6 c5 57. g5 fxg5 58. fxg5 Nf8 59. Ne7 b4 60. g6 hxg6 61. fxg6 bxa3 62. bxa3 1-0

[Event "FIN-chT 1112"]
[Site "Finland"]
[Date "2012.02.11"]
[Round "8.7"]
[White "Sorsa, Nuutti"]
[Black "Alho, Sauli"]
[Result "1-0"]
[WhiteElo "2214"]
[BlackElo "2157"]
[PlyCount "127"]
[EventDate "2011.09.17"]
[EventType "team-tourn"]
[EventRounds "11"]
[EventCountry "FIN"]
[SourceTitle "EXT 2013"]
[Source "ChessBase"]
[SourceDate "2012.11.22"]
[SourceVersion "1"]
[SourceVersionDate "2012.11.22"]
[SourceQuality "1"]
[WhiteTeam "Turku"]
[BlackTeam "Sastamala VammSK"]
[WhiteTeamCountry "FIN"]
[BlackTeamCountry "FIN"]

1. e4 d5 2. exd5 Qxd5 3. Nc3 Qa5 4. d4 Nf6 5. Nf3 Bf5 6. Bd2 c6 7. Ne4 Qc7 8. Nxf6+ gxf6 9. Nh4 Bg6 10. g3 Nd7 11. Bg2 e6 12. 0-0 Bd6 13. b4 0-0 14. a3 Rfe8 15. c4 Rad8 16. Qb3 Nf8 17. c5 Be7 18. Be3 Bh5 19. Rfe1 Qd7 20. Rab1 e5 21. dxe5 fxe5 22. Nf3 Qf5 23. Nd2 Ne6 24. Be4 Qf6 25. Nc4 Bg6 26. Qc2 Bf8 27. Rbd1 Nc7 28. Na5 Nd5 29. Bxg6 hxg6 30. Nxb7 Rd7 31. Na5 Red8 32. Nc4 Qe6 33. Rd2 Be7 34. Rde2 Kh7 35. f3 f6 36. Bc1 Qh3 37. Re4 Kg7 38. Rh4 Qf5 39. Qxf5 gxf5 40. Bh6+ Kg6 41. Bd2 Nc7 42. Be3 Nb5 43. f4 e4 44. g4 Rd3 45. gxf5+ Kxf5 46. Bf2 Nd4 47. Bxd4 R3xd4 48. Na5 Rc8 49. Kf2 Bd8 50. Nb3 Rc4 51. Rd1 Rc2+ 52. Kf1 Kg6 53. Rh8 Rb2 54. Na5 Kf5 55. Rhxd8 Rxd8 56. Rxd8 Kxf4 57. Nxc6 f5 58. Nd4 e3 59. Rf8 Rf2+ 60. Ke1 Ke4 61. Nxf5 Rxh2 62. Ng3+ Kd3 63. Rd8+ Kc3 64. c6 1-0

[Event "FIN-chT 1112"]
[Site "Finland"]
[Date "2011.10.15"]
[Round "3.4"]
[White "Valli, Frans"]
[Black "Sorsa, Nuutti"]
[Result "1-0"]
[WhiteElo "2260"]
[BlackElo "2214"]
[PlyCount "123"]
[EventDate "2011.09.17"]
[EventType "team-tourn"]
[EventRounds "11"]
[EventCountry "FIN"]
[SourceTitle "CBM 144 Extra"]
[Source "ChessBase"]
[SourceDate "2011.10.28"]
[SourceVersion "1"]
[SourceVersionDate "2011.10.28"]
[SourceQuality "1"]
[WhiteTeam "Oulu OSS"]
[BlackTeam "Turku"]
[WhiteTeamCountry "FIN"]
[BlackTeamCountry "FIN"]

1. e4 g6 2. d4 Bg7 3. Nf3 d6 4. Bc4 h6 5. h3 Nd7 6. 0-0 c6 7. Qe2 Qc7 8. Nc3 a6 9. a4 e6 10. Be3 Ne7 11. Qd2 b6 12. Ne2 Bb7 13. Nf4 e5 14. dxe5 dxe5 15. Ne2 Nf6 16. Ng3 c5 17. Qe2 0-0 18. Nd2 Ne8 19. h4 Nd6 20. Ba2 Kh7 21. h5 Qc6 22. hxg6+ fxg6 23. c3 Rad8 24. Qg4 Bc8 25. Qh4 Qc7 26. Nf3 Ng8 27. Bxg8+ Rxg8 28. Nxe5 Rge8 29. Ng4 Qe7 30. Qxe7 Rxe7 31. Nh2 Nxe4 32. Nxe4 Rxe4 33. a5 bxa5 34. Rxa5 c4 35. Nf3 Rd6 36. Rc5 Bd7 37. Rc7 Kg8 38. Ra1 Be6 39. Bc5 Rd5 40. Rxa6 Rd1+ 41. Kh2 Rd8 42. Raa7 Bh8 43. Bd4 Rb8 44. Bxh8 Kxh8 45. Rh7+ Kg8 46. Rxh6 Bf5 47. Nh4 Rg4 48. f3 Rg5 49. g4 Rxb2+ 50. Kg3 Bb1 51. f4 Rd5 52. Nxg6 Rd3+ 53. Kh4 Rh2+ 54. Kg5 Rxh6 55. Kxh6 Rh3+ 56. Kg5 Rxc3 57. f5 Rb3 58. f6 Rb5+ 59. Kh6 Bxg6 60. Kxg6 Rb8 61. Rg7+ Kf8 62. Rh7 1-0

[Event "FIN-chT 1112"]
[Site "Finland"]
[Date "2011.09.17"]
[Round "1.7"]
[White "Paasikangas Tella, Johanna"]
[Black "Sorsa, Nuutti"]
[Result "0-1"]
[WhiteElo "2238"]
[BlackElo "2214"]
[PlyCount "114"]
[EventDate "2011.09.17"]
[EventType "team-tourn"]
[EventRounds "11"]
[EventCountry "FIN"]
[SourceTitle "CBM 144 Extra"]
[Source "ChessBase"]
[SourceDate "2011.10.28"]
[SourceVersion "1"]
[SourceVersionDate "2011.10.28"]
[SourceQuality "1"]
[WhiteTeam "Vantaa"]
[BlackTeam "Turku"]
[WhiteTeamCountry "FIN"]
[BlackTeamCountry "FIN"]

1. d4 Nf6 2. Nf3 g6 3. Bg5 Bg7 4. Nbd2 d5 5. e3 Be6 6. Bd3 Nbd7 7. 0-0 0-0 8. Re1 c5 9. c3 Re8 10. h3 Qb6 11. Qb1 Rad8 12. a4 c4 13. a5 Qc6 14. Bc2 b5 15. axb6 axb6 16. b4 b5 17. Bf4 h6 18. Ra5 Ra8 19. Ne5 Qb7 20. f3 Nf8 21. e4 Qb6 22. Qa2 Rxa5 23. bxa5 Qa6 24. Qa3 g5 25. Be3 dxe4 26. fxe4 N6d7 27. Nxd7 Bxd7 28. Ra1 e6 29. e5 Bc6 30. Qd6 Qa8 31. Rf1 Rd8 32. Qc5 Bxg2 33. Rf2 Bc6 34. Bd1 Rd7 35. Bh5 Qa6 36. Nf1 Ba8 37. Qb4 Bd5 38. Ra2 Ng6 39. Qb1 Nh4 40. Qd1 Ba8 41. Ng3 Bxe5 42. dxe5 Rxd1+ 43. Bxd1 Nf5 44. Nxf5 exf5 45. Bb6 Qb7 46. Rd2 Qh1+ 47. Kf2 Qh2+ 48. Ke1 Qg3+ 49. Kf1 Qxh3+ 50. Kf2 Qh2+ 51. Ke1 Qxe5+ 52. Kf1 Qf4+ 53. Ke1 Qg3+ 54. Kf1 Qh3+ 55. Kf2 g4 56. Rd8+ Kh7 57. Bd4 Qh4+ 0-1